Дело о доставлении объяснений по срочным ведомостям Дирекции училищ Могилевской губернии

Доступно только в Электронных читальных залах Найти на картеНа карте
RUSMARC
00003685nmc2a22002413x 450
0011ce7da4b-f1f6-4d43-bac3-3f12fb8bb426
00520260203114400.0
100##$a20250729l18321844k l0rusy0189 ca
1010#$arus
102##$aRU
105##$ay###
1222#$ad
2001#$aДело о доставлении объяснений по срочным ведомостям Дирекции училищ Могилевской губернии
$j2 марта 1832 г. - 7 апреля 1844 г.
215##$a67 л.
$d36,5х26 см
251##$cДело
300##$aНа бланке обложки указано: "Отделение третье. Стол"
371##$aДокумент не является опубликованным и широко распространяемым
461#0$1001a74412a3-3cc5-4d21-8f0a-dfe2fbd9e72d
$12001
$aДепартамент народного просвещения Министерства народного просвещения (1803-1917)
$1251
$cФонд
$1852
$j733
462#0$1001ccc93d8c-a161-4593-b7db-1a3e4c2bc189
$12001
$aДела счетного отделения Департамента народного просвещения за 1819-1838 годы
$1251
$cОпись
$1852
$j111
801#0$aRU
$bРГИА
$c20250729
$gRCR
801#1$aRU
$bГлавНИВЦ
$c20250729
$2rusmarc
801#2$aRU
$bПБ им. Б.Н. Ельцина
$c20260203
$gRCR
$2rusmarc
850##$aРГИА
852##$aРГИА
$eФедеральное казенное учреждение "Российский государственный исторический архив" (РГИА)
$j645
937##$hРГИА
$d12095433
$aASBIBLIO_SCAN
035##$aRusGRCC00088917
856##$uhttp://readingroom.main.prlib.ru/item.aspx?id_node=n200350352&mode=full
Формат отображения